• 首页
  • 本馆介绍
  • 公告通知
  • 最新文献
  • 馆藏检索
  • 电子资源
  • 读者导购
  • 参考咨询
  • 我的图书馆
  • 登录
  • 详细信息显示
  • 放入我的书架
  • 预约/预借图书
  • 作者相关作品
  • 分类相关作品
  • 丛书相关作品
  • 出版社相关作品

书目信息

  • 表格格式
  • 工作单格式
  • 卡片格式
题名:
浮世绘、武士道与大奥
    
 
作者: 张博 著
分册:  
出版信息: 上海   上海三联书店  2014
页数: 334页
开本: 21cm
丛书名:
单 册:
中图分类: G249.313.9
科图分类:
主题词: 群众文化--Qun Zhong Wen Hua--研究--日本--近代
电子资源:
ISBN: 978-7-5426-4369-8
000 00867nam0 22002411 450
001 349751
005 20161010091651.10
010    @a978-7-5426-4369-8@dCNY33.00
100    @a20140619d2014 em y0chiy50 ea
101 1  @achi@cjpn
102    @aCN@b310000
105    @aa z 000yy
106    @ar
200 1  @a浮世绘、武士道与大奥@AFu Shi Hui Wu Shi Dao Yu Da Ao@e日本江户时代的大众文化@f张博著
210    @a上海@c上海三联书店@d2014
215    @a334页@c图@d21cm
330    @a本书内容包括:日本大众文化的胎动、江户时代面面观、京阪庶民的传媒、江湖武家的好尚、求道与求财的兼顾等。
517 1  @a日本江户时代的大众文化@ARi Ben Jiang Hu Shi Dai De Da Zhong Wen Hua
606 0  @a群众文化@AQun Zhong Wen Hua@x研究@y日本@z近代
690    @aG249.313.9@v5
701  0 @a张博@AZhang Bo@f(1984~)@4著
801  0 @aCN@bTANGWEI@20160730
905    @b0886580-4@dG249.313.9@e29@f5
    
    浮世绘、武士道与大奥:日本江户时代的大众文化/张博著.-上海:上海三联书店,2014
    334页:图;21cm
    
    
    ISBN 978-7-5426-4369-8:CNY33.00
    本书内容包括:日本大众文化的胎动、江户时代面面观、京阪庶民的传媒、江湖武家的好尚、求道与求财的兼顾等。
●
相关链接 在E读中查询图书 在五车中查询图书 在当当中查询图书 在豆瓣中查询图书


正题名:浮世绘、武士道与大奥     索取号:G249.313.9/29         预约/预借

序号 登录号 条形码 馆藏地/架位号 状态 备注
1 0886580   208865806   第一样本阅览室/ [索取号:G249.313.9/29] 在馆    
2 0886581   208865815   第四借阅区/ [索取号:G249.313.9/29] 在馆    
3 0886582   208865824   第四借阅区/ [索取号:G249.313.9/29] 在馆    
4 0886583   208865833   第四借阅区/ [索取号:G249.313.9/29] 在馆    
5 0886584   208865842   第四借阅区/ [索取号:G249.313.9/29] 在馆    
唐山师范学院图书馆 欢迎您!
大连网信软件有限公司© 版权所有